000 00723nam a2200181Ia 4500
003 GCL
008 140319s9999 xx 000 0 ara d
040 _aGCL /
_cGCL
082 0 4 _aق
_b962.06
_bض ا
100 1 _aضياء الدين بيبرس
245 1 0 _aاسرار حكومة يوليو كما رواها السياسى الكبير فتحى رضوان : مع دراسة شاملة بعنوان هوامش على لعبة المذكرات السياسية /
_cضياء الدين بيبرس
300 _a249 ص
490 _a
650 0 4 _aالتراجم الذاتية
650 0 4 _aالمذكرات السياسية
650 0 4 _aمصر - تاريخ - العصر الحديث (1805 - 1956 )
942 _2ddc
_cBK
999 _c39321
_d39321